|
|
|
|
| LEADER |
00808nam a22002057a 4500 |
| 082 |
|
|
|b AES/P J7 M
|a 822
|
| 100 |
|
|
|a എസ്കിലസ്
|9 271018
|
| 100 |
|
|
|a Aeschylus
|9 271019
|
| 240 |
|
|
|a Prometheus
|
| 245 |
|
|
|a പ്രൊമെത്യസ്
|
| 250 |
|
|
|a 1st
|
| 260 |
|
|
|a Kottayam;
|b National Book Stall;
|c 1957
|
| 300 |
|
|
|a 87p.
|
| 650 |
|
|
|a മലയാളം; ഗ്രീക്ക് വിവ൪ത്തനം ;നാടകം
|9 271020
|
| 650 |
|
|
|a Malayalam; Translated Greek Tragedy
|9 271021
|
| 700 |
|
|
|a എസ് കെ നായ൪ (വിവ൪.)
|9 271022
|
| 700 |
|
|
|a S K Nair (Tr.)
|9 271023
|
| 942 |
|
|
|c BK
|
| 999 |
|
|
|c 50751
|d 50751
|
| 952 |
|
|
|0 0
|1 0
|4 0
|6 822_000000000000000_AES_P_J71
|7 0
|8 DRAMTRA
|9 59911
|a MAL
|b MAL
|d 2016-03-30
|e 1737
|l 0
|o 822 AES/P J7;1
|p MAL001737
|r 2016-03-30
|t 1
|w 2016-03-30
|y BK
|